[Event "Bermuda"]
[Site "Bermuda"]
[Date "2005.02.01"]
[Round "3"]
[White "Harikrishna, Pentala"]
[Black "Gelfand, Boris"]
[Result "1/2-1/2"]
[WhiteElo "2632"]
[BlackElo "2696"]
[Annotator "Huebner,R"]
[PlyCount "74"]
[EventDate "2005.01.30"]
[EventType "tourn"]
[EventRounds "10"]
[EventCountry "BER"]
[EventCategory "17"]
[SourceTitle "CBM 106"]
[Source "ChessBase"]
[SourceDate "2005.06.06"]
[SourceVersion "1"]
[SourceVersionDate "2005.06.06"]
[SourceQuality "1"]

1. d4 d5 2. c4 c6 3. Nf3 Nf6 4. e3 Bf5 5. Nc3 e6 6. Nh4 Bg6 7. Qb3 Qc7 8. Nxg6
hxg6 9. Bd2 Nbd7 10. h3 Nb6 11. cxd5 exd5 12. Bd3 Be7 13. O-O-O a5 (13... O-O-O
14. Kb1 Kb8 15. Rc1 Rhe8 {ist eine solide, aber passivere Fortsetzung.}) 14.
Kb1 a4 15. Qc2 Nc4 16. g4 {Dies ist ein neuer Zug: Weiß stellt sich bereit,
mit h3-h4-h5 vorzugehen, sobald Schwarz kurz rochiert. Gespielt wurde hier} (
16. Bxc4 dxc4 17. Nxa4 ({Die Fortsetzung} 17. a3 b5 18. Na2 {nebst e3-e4 würde
von ängstlichen Gemütern bevorzugt werden. Der Bauernraub mit nachfolgender
Überführung des Springers nach c1 kann sicher nicht zum Vorteil für Weiß
führen.}) 17... O-O (17... b5 {Gurevich,M} 18. Nc5 Bxc5 19. dxc5 Qa7 20. a3
Qxc5 21. Bb4 $36) 18. Nc3 (18. e4 {Gurevich,M} Nxe4 19. Qxe4 Rxa4 $132) (18. f3
{Gurevich,M} b5 19. Nc5 Bxc5 20. dxc5 Qa7 $36) 18... b5 19. Ne2 Ra6 (19... Rxa2
$2 {Gurevich,M} 20. Kxa2 Ra8+ 21. Kb1 Qa7 22. Kc1 $18) 20. Nc1 Rfa8 21. e4 Qa7
(21... b4 22. Qxc4 (22. f3 b3 23. Qxc4 bxa2+ 24. Ka1 Ra4 {ist ebenfalls
befriedigend für Schwarz.}) 22... Nxe4 23. Be3 Nf6 {führt zu einer etwa
ausgeglichenen Stellung.}) (21... c5 {Gurevich,M} 22. d5 Bd6 $5) 22. Be3 (22.
Bg5 Rxa2 23. Nxa2 Qxa2+ 24. Kc1 c3 $19 {, und Schwarz gewinnt, denn} 25. Qxc3 (
25. bxc3 Ba3+ 26. Kd2 Nxe4+ 27. Kd3 Nxf2+ 28. Kd2 Qd5 {, und Schwarz gewinnt.})
25... Nxe4 {ist fatal für ihn.}) (22. Bf4 Rxa2 23. Nxa2 Qxa2+ 24. Kc1 c3 25.
Qxc3 Nxe4 {, und Schwarz gewinnt, denn der Bauer auf f2 entbehrt der Deckung.})
22... Rxa2 23. Nxa2 Qxa2+ 24. Kc1 c3 (24... Nxe4 {'!!' Gurevich,M. führt zum
Gewinn:} 25. Qxe4 c3 26. Kc2 {'[]' Gurevich,M.} Qc4 (26... Qxb2+ 27. Kd3 Ra2
28. Bd2 {ist weniger klar.} Bf6 $17 {Gurevich,M}) 27. Rb1 (27. Qd3 Qa4+ 28. Kc1
(28. b3 {scheitert an} Qa2+ 29. Kxc3 b4+ {, weil nun dem König des Weißen ads
Feld d3 versperrt ist.}) 28... Qb3 29. Qxc3 Ra1+ 30. Kd2 Bb4 31. Rxa1 Qxb2+ {
, und Schwarz gewinnt.}) 27... Qe2+ 28. Kb3 cxb2 29. Qc2 Ra3+ 30. Kxb2 Ra2+ 31.
Kxa2 Qxc2+ 32. Rb2 Qa4+ 33. Kb1 Ba3 {mit Gewinnstellung für Schwarz.}) 25. bxc3
(25. Qxc3 {leistet Widerstand.} Ra4 (25... Nxe4 26. Qxc6 Ra4 (26... Nd6 {
Gurevich,M} 27. Kd2 Qxb2+ 28. Ke1 Ra2 29. Qf3 (29. Rd2 Qb1+ 30. Rd1 Qb3 $40)
29... Nf5 $36) 27. Qxe4 Qc4+ 28. Kb1 Qa2+ 29. Kc2 Qc4+ {kommt auf dasselbe
hinaus.}) 26. Qd3 {Jetzt droht der König des Weißen über d2 in Sicherheit zu
kommen.} Nxe4 (26... Bb4 27. Kc2) (26... Ba3 27. Kd2 Qxb2+ 28. Ke1 Bb4+ 29. Kf1
$16) 27. Qxe4 Qc4+ (27... Rc4+ {Gurevich,M} 28. Kd2 $18) 28. Kb1 Qa2+ {'='
Gurevich,M.} 29. Kc2 Qc4+ {führt zum Remis.}) 25... Qc4 (25... Nxe4 {gewinnt
auch mühelos.} 26. Qxa2 Rxa2 $19) 26. Qd3 Qxd3 {0-1 Baburin,A-Gurevich,M/
Germany 2004/CBM 101/[Huebner,R] (26).}) ({Die Fortsetzung} 16. Bc1 b5 17. e4 {
kommt ebenfalls in Betracht.}) (16. Nxa4 {Gurevich,M} Nxd2+ 17. Rxd2 Qa5 18.
Nc3 Bb4 19. Qb3 Bxc3 20. bxc3 b5 $44) 16... b5 17. Ne2 {Der Zug des Weißen
richtet sich gegen die Drohung b5-b4-b3.} Nd7 {Schwarz überführt den Springer
nach b6, um die Drohung b5-b4-b3 zu erneuern.} (17... O-O 18. f3 {mit der
Absicht 19.e4 oder h3-h4-h5 sieht gefährlich für Schwarz aus.}) 18. h4 Ndb6 (
18... Rxh4 19. Rxh4 Bxh4 {scheint mir nicht ohne weiteres von der Hand zu
weisen zu sein; nach} 20. Rh1 g5 (20... Nxd2+ 21. Qxd2 Bxf2 {ist zu riskant:}
22. Nf4 Bg3 23. Rh8+ Nf8 24. Qb4 Qe7 25. Nxd5 {, und Weiß gewinnt.}) (20... Be7
{kommt dagegen ebenfalls in Betracht.}) 21. f3 Qd6 {ist die Lage nicht klar.})
19. Nf4 (19. h5 gxh5 (19... g5 20. Ng3 {ist ungünstig für Schwarz.}) 20. gxh5 {
sieht konsequenter aus; nach} b4 21. Bc1 b3 22. axb3 (22. Qc3 bxa2+ 23. Kxa2 (
23. Ka1 Ra5) 23... Ra5 {mit der Absicht Ta5-b5 ist nicht günstiger für Weiß.})
22... axb3 23. Qxb3 {führt zu einer äußerst scharfen Stellung mit Aussichten
für beide Seiten.}) 19... Bd6 $6 (19... b4 {kommt auch hier meines Erachtens
sehr in Betracht.}) 20. Bc1 O-O-O {Damit verzichtet Schwarz auf seine
Angriffspläne gegen den König des Weißen. In der Tat sähe die Sache jetzt nach}
(20... b4 21. Qe2 {für Schwarz nicht vielversprechend aus.}) 21. h5 gxh5 22.
gxh5 Qe7 {Jetzt kann der Springer des Weißen nach d3 gelangen.} (22... Bxf4 23.
exf4 Kb7 24. Rdg1 f6 25. b3 {sieht aber auch nicht ganz gemütlich für Schwarz
aus.}) 23. Bf5+ Kc7 (23... Kb7 {sieht natürlicher aus, aber Schwarz will wohl
vermeiden, daß der Springer des Weißen auf c5 Schach geben kann, nachdem er
nach d3 gezogen ist.}) 24. e4 $6 {Damit kann Weiß keinen Vorteil erzielen.} (
24. Nd3 {überläßt dem Weißen einen dauerhaften positionellen Vorteil.}) 24...
dxe4 25. Bxe4 Bxf4 26. Bxf4+ Kb7 27. Bc1 Nd5 {Jetzt hat Schwarz keine Sorgen
mehr.} 28. f3 Qf6 29. Qf2 a3 30. Bxd5 Rxd5 31. b3 Nb6 32. h6 gxh6 33. Bxa3 Rf5
34. d5 Rxf3 35. Qb2 Re8 36. Qxf6 Rxf6 37. dxc6+ Rxc6 1/2-1/2

[Event "RUS-Cup02"]
[Site "Moscow"]
[Date "1998.01.26"]
[Round "6"]
[White "Kharitonov, Andrei Y"]
[Black "Beshukov, Sergei"]
[Result "1-0"]
[WhiteElo "2585"]
[BlackElo "2405"]
[Annotator "Huebner,R"]
[PlyCount "70"]
[EventDate "1998.01.21"]
[EventType "swiss"]
[EventRounds "9"]
[EventCountry "RUS"]
[SourceTitle "CBM 063"]
[Source "ChessBase"]
[SourceDate "1998.03.26"]
[SourceVersion "1"]
[SourceVersionDate "1998.03.26"]
[SourceQuality "1"]

1. d4 d5 2. c4 c6 3. Nf3 Nf6 4. e3 Bf5 5. cxd5 cxd5 6. Nc3 e6 7. Nh4 (7. Qb3
Qc8 8. Ne5 Nfd7 9. Bd2 Nxe5 10. dxe5 Nc6 11. Rc1 Be7 12. Nb5 O-O 13. Nd4 Nxd4
14. exd4 Qd7 $11 {1/2-1/2 Bogoljubow,E-Euwe,M/NLD m1 1928 (32)}) 7... Bg4 (7...
Nc6 {Epishin} 8. Nxf5 exf5 9. Bd3 Qd7 10. Bd2 g6 11. O-O Bd6 12. Qb3 O-O 13.
Rfc1 $14) (7... Bg6 {Epishin}) 8. Qb3 Qd7 {Da der Springer des Weißen das Feld
f3 verlassen hat, nutzt Schwarz die Gelegenheit, die Dame auf dieses Feld zu
bringen.} 9. h3 Bh5 10. g4 Bg6 11. Nxg6 hxg6 12. g5 Ng8 (12... Nh5 {kommt
trotz der abseitigen Stellung des Springers auf h5 in Betracht. Er wird über
f4 wieder ins Spiel gelangen, sobald Weiß die Stellung mit e3-e4 öffnet;
andernfalls wird Weiß kaum etwas erreichen können.}) 13. e4 dxe4 (13... Nc6 {
war eine andere solide Möglichkeit.}) 14. d5 exd5 15. Bf4 Nc6 16. Nxd5 Bd6 $2 {
Hiernach ist Schwarz verloren. Nicht besser war} (16... O-O-O 17. O-O-O Qe6 (
17... Bd6 {hat ähnliche Folgen wie in der Partie:} 18. Bxd6 Qxd6 19. Nb6+ {usw.
}) 18. h4 Nge7 19. Nxe7+ Nxe7 20. Qc3+ Qc6 21. Qxc6+ Nxc6 22. Bh3+ {und Weiß
gewinnt.}) (16... Nd4 {war nötig:} 17. Nc7+ (17. Qc4 Bb4+ 18. Nxb4 (18. Kd1 Ne6
{dürfte für Weiß fatale Folgen haben.}) 18... Rc8 19. Qd5 Nc2+ 20. Kd2 Nxb4 21.
Qxd7+ Kxd7 {mit Vorteil für Schwarz.}) 17... Qxc7 18. Bb5+ Ke7 19. Bxc7 (19.
Qb4+ Ke6 20. Qxd4 (20. Bc4+ Kf5 $19) 20... Qa5+ 21. Bd2 Qxb5 22. Qxe4+ Qe5 {
und Schwarz gewinnt.}) 19... Nxb3 20. axb3 (20. Rd1 Rc8 21. Bd6+ Ke6 $17) 20...
a6 21. Bc4 Rc8 {Die Lage ist nicht ganz klar, doch sollte Schwarz keine Sorgen
haben.}) 17. Bxd6 Qxd6 18. Rd1 $18 O-O-O (18... Qb8 $142 $14 {Epishin}) 19.
Nb6+ axb6 20. Rxd6 Rxd6 21. Qxf7 Nge7 22. Bg2 Rd5 23. h4 Kb8 24. Bxe4 Re5 25.
f3 Nf5 26. Kf2 Rd8 27. Re1 Rd6 28. Re2 Re7 29. Qg8+ Rd8 30. Qc4 Nd6 31. Qc3 Nb5
32. Qe3 Rf8 33. Rd2 Ka7 34. Kg3 Ne5 35. Qb3 Ref7 1-0

[Event "Scandic Hotels CC"]
[Site "Stockholm"]
[Date "2000.07.29"]
[Round "1"]
[White "Bator, Robert"]
[Black "Hillarp Persson, Tiger"]
[Result "1/2-1/2"]
[WhiteElo "2430"]
[BlackElo "2549"]
[Annotator "Huebner,R"]
[PlyCount "80"]
[EventDate "2000.07.29"]
[EventType "tourn"]
[EventRounds "9"]
[EventCountry "SWE"]
[EventCategory "10"]
[SourceTitle "CBM 079"]
[Source "ChessBase"]
[SourceDate "2000.11.21"]
[SourceVersion "1"]
[SourceVersionDate "2000.11.21"]
[SourceQuality "1"]

1. d4 d5 2. c4 c6 3. Nf3 Nf6 4. e3 Bf5 5. Nc3 e6 6. Nh4 Be4 7. f3 Bg6 8. Qb3
Qc7 9. g3 Be7 10. Bd2 Bh5 11. Be2 dxc4 12. Qxc4 a6 13. Ng2 b5 14. Qb3 c5 15.
Nf4 Bg6 16. Rc1 c4 17. Qd1 Nc6 18. d5 Ne5 19. Nxg6 hxg6 20. f4 exd5 {Das
Figurenopfer ist unzureichend. Nötig war meines Erachtens} (20... Ned7 21. dxe6
fxe6 22. Qc2 O-O-O (22... Kf7 {ist passiver, aber auch nicht hoffnungslos.})
23. O-O Nc5 {mit unklarer Lage.}) 21. fxe5 Qxe5 22. Bf3 Rd8 23. Ne2 $2 (23. Qe2
{gefolgt von 0-0 sollte auf die Dauer zum technischen Gewinn führen. Nach dem
Textzug erhält Schwarz weiteres Material.}) 23... Bc5 24. O-O Qxb2 ({Nach} 
24... Bxe3+ 25. Bxe3 Qxe3+ 26. Kg2 {kann Schwarz nicht gut mit} d4 {fortfahren:
} 27. Nf4 Ne4 28. Qe1 Qd2+ 29. Qxd2 Nxd2 30. Bc6+ Ke7 31. Rfd1 {, und Weiß
gewinnt.}) 25. Nd4 Bxd4 26. Rc2 Bxe3+ ({Sicherer war} 26... Qa3 27. exd4 O-O {
mit fester Stellung.}) 27. Bxe3 Qa3 28. Bb6 O-O (28... Rd7 {ist nicht ohne
weiteres von der Hand zu weisen:} 29. Qd4 ({Nach} 29. Re2+ Kf8 30. Qd4 Kg8 {
ist die Stellung des Schwarzen befriedigend;} 31. g4 {wird mit} Rh4 {pariert.})
29... O-O 30. Bc5 Qa4 {mit unklarer Lage.}) 29. Bxd8 Rxd8 $2 {Offensichtlich
mußte sich Schwarz zunächst um die Beherrschung des Feldes d4 kümmern; nach} (
29... Qc5+ 30. Kg2 Rxd8 {gefolgt von d5-d4 ist der Ausgang der Partie
keineswegs klar.}) 30. Qd4 b4 $2 {Dieser weitere Fehler macht die Lage des
Nachziehenden hoffnungslos.} (30... Qd6 {erlaubte Widerstand, obwohl ich die
Stellung des Weißen für gewinnträchtig halte.}) 31. Rxc4 dxc4 32. Qxd8+ Kh7 33.
Qd2 (33. Qe7 $18) (33. Qd4 Qxa2 34. Qh4+ Kg8 35. Rd1 {, und Weiß gewinnt.})
33... a5 34. Be2 b3 35. axb3 (35. Qd4 $18) 35... cxb3 36. Bd3 (36. Qd4 $18 {
Im 30. Zuge hatte Weiß dieses Feld noch gefunden.}) 36... a4 37. Qc3 Qd6 38.
Bb1 $2 (38. Rf4 $18 {Weiß vernachlässigte das Prinzip der Zentralisierung und
brachte sich so um den Gewinn.}) 38... Qb6+ 39. Kg2 a3 $6 ({Mit} 39... Nd5 {
hätte Schwarz seinen gegner, der offenbar in Zeitnot war, noch in Verlegenheit
setzen können; nur} 40. Qc8 Ne3+ 41. Kh1 {genügt zu einem klaren Remis.}) 40.
Qc4 Qb7+ {Gewinnversuche mit der Fortsetzung 41.Tf3 a2 42.La2: ba2: 43.Da2: g5
44.h3 kamen durchaus noch in Betracht.} 1/2-1/2

[Event "Bad Homburg"]
[Site "Bad Homburg"]
[Date "1998.07.17"]
[Round "1"]
[White "Lobron, Eric"]
[Black "Torre, Eugenio"]
[Result "0-1"]
[WhiteElo "2540"]
[BlackElo "2560"]
[Annotator "Huebner,R"]
[PlyCount "70"]
[EventDate "1998.07.17"]
[EventType "tourn"]
[EventRounds "9"]
[EventCountry "GER"]
[EventCategory "13"]
[SourceTitle "CBM 066"]
[Source "ChessBase"]
[SourceDate "1998.09.30"]
[SourceVersion "1"]
[SourceVersionDate "1998.09.30"]
[SourceQuality "1"]

1. Nf3 Nf6 2. c4 c6 3. d4 d5 4. e3 Bf5 5. Bd3 e6 6. O-O Nbd7 7. Nc3 Bg6 8. Re1
Be7 9. e4 dxe4 10. Nxe4 O-O 11. Nxf6+ Bxf6 12. Bxg6 hxg6 {Der Aufbau des
Weißen flößt mir keine sbesondere Begeisterung ein. Die Stellung des Schwarzen
ist sehr solide; er hat keine Schwächen und mag in dem Bauern auf d4
gelegentlich ein bequemes Angriffsziel finden.} 13. Bf4 Qb6 14. c5 $6 (14. Qd2
{ist solider.}) 14... Qxb2 15. Bd6 Rfd8 16. Re3 Qb5 17. Rb1 Qa6 18. Qb3 b6 19.
g4 $2 (19. Rxe6 bxc5 20. Re4 (20. dxc5 Nxc5 21. Bxc5 Rd3) 20... cxd4 21. Nxd4 {
bot meines Erachtens bessere Überlebensaussichten. Jetzt ist auch die
Bauernstruktur am Königsflügel des Weißen unwiederbringlich geschwächt.}) 19...
Re8 20. g5 Be7 $2 {Nach} (20... Bd8 {hat Schwarz einen gesunden Mehrbauern.})
21. Rxe6 Bxd6 (21... fxe6 22. Qxe6+ Kh7 (22... Kf8 $2 23. Nh4 $18) 23. Qh3+ {
führt zum Remis.}) 22. Rxd6 Qc8 23. cxb6 axb6 {Weiß hat auch hier einige
Probleme, weil sein Königsflügel übel geschwächt ist; aber bei verständigem
Spiel müßte er remis halten können.} 24. Rc1 Nf8 (24... Nb8 {war solider.}) 25.
Ne5 {Ich sehe nicht, was gegen die Fortsetzung} (25. Rdxc6 Qg4+ 26. Kh1 {
spricht.}) 25... Qf5 26. h4 $2 (26. Rcxc6 {war geboten; Weiß sollte sich
halten können.}) 26... c5 27. Qd3 $6 (27. Rf6 gxf6 28. Qxf7+ Kh8 29. gxf6 {
wird mit} Ne6 30. Nxg6+ Qxg6+ 31. Qxg6 Rg8 32. h5 Nf4 {widerlegt.}) (27. Qf3
Rxa2 28. Qxf5 gxf5 29. Nd3 cxd4 30. Rxd4 Rd2 {ist ebenfalls unerfreulich für
Weiß, mußte aber versucht werden.}) (27. Rxb6 cxd4 {ist hoffnungslos für Weiß;
der Springer auf e5 wird entwurzelt, und danach ist der Königsflügel des
Weißen nicht mehr zu verteidigen.}) 27... Qf4 28. Qe3 Qxh4 29. dxc5 bxc5 30.
Rc4 Qxc4 31. Nxc4 Rxe3 32. Nxe3 Ne6 33. Rc6 Rxa2 34. Nd5 Nxg5 35. Rxc5 Nh3+ 0-1

[Event "Goodricke op 12th"]
[Site "Kolkata"]
[Date "2001.02.09"]
[Round "4"]
[White "Gokhale, Jayant Suresh"]
[Black "Villamayor, Buenaventura"]
[Result "0-1"]
[WhiteElo "2322"]
[BlackElo "2560"]
[Annotator "Huebner,R"]
[PlyCount "70"]
[EventDate "2001.02.06"]
[EventType "swiss"]
[EventRounds "11"]
[EventCountry "IND"]
[SourceTitle "CBM 082"]
[Source "ChessBase"]
[SourceDate "2001.05.17"]
[SourceVersion "1"]
[SourceVersionDate "2001.05.17"]
[SourceQuality "1"]

1. Nf3 d5 2. d4 Nf6 3. c4 c6 4. e3 Bf5 5. Nc3 e6 6. Bd3 Bxd3 7. Qxd3 Nbd7 8.
O-O Bb4 9. Bd2 O-O $2 (9... a5 $11) 10. Nxd5 Nxd5 11. cxd5 Bxd2 12. dxe6 Bxe3
13. Qxe3 fxe6 14. Qxe6+ Kh8 15. Rfe1 Nf6 16. Qb3 Qd5 17. Qxb7 Rfb8 18. Qa6 Rxb2
19. Re5 Qd7 20. Rae1 h6 21. Re7 Qd5 22. Qd3 Ng8 23. R7e2 $2 (23. Rd7 Rd2 (23...
Qxd7 24. Ne5 $18) 24. Qxd2 Qxd7 25. Ne5 Qe6 26. Qc2 Ne7 27. Qc5 {, und Weiß
gewinnt.}) 23... Rxa2 $2 (23... Rxe2 24. Qxe2 (24. Rxe2 Qb5) 24... Rb8 {
Schwarz kann noch einigen Widerstand leisten.}) 24. Rxa2 $2 (24. Nh4 g5 (24...
Nf6 25. Ng6+ Kg8 26. Ne7+ {kostet die Dame.}) 25. Ng6+ Kg7 26. Rxa2 Qxa2 27.
Rb1 {, und der König des Schwarzen wird nicht mehr lange überleben.}) 24...
Qxa2 25. Qg6 $2 {Jetzt kann} (25. Nh4 {mit} Nf6 {beantwortet werden, weil die
Dame des Schwarzen nicht mehr auf d5 hängt; dennoch war dies stärker als der
Textzug. Weiß verleibt sich den Bauern auf c6 mit dem Springer ein.}) 25... Nf6
26. h3 Qg8 27. Ne5 Qh7 28. Qf7 Qc2 29. Qb7 Rf8 30. Qxc6 Rc8 31. Qe6 Kh7 32. Ra1
a5 33. d5 $4 (33. Qa6 $16) 33... Re8 34. Qd6 Qc3 35. Rd1 Qxe5 0-1

[Event "Corus-B"]
[Site "Wijk aan Zee"]
[Date "2002.01.15"]
[Round "1"]
[White "Tregubov, Pavel V"]
[Black "Cuijpers, Frans Andre"]
[Result "1-0"]
[WhiteElo "2626"]
[BlackElo "2458"]
[Annotator "Huebner,R"]
[PlyCount "85"]
[EventDate "2002.01.15"]
[EventType "tourn"]
[EventRounds "11"]
[EventCountry "NED"]
[EventCategory "11"]
[SourceTitle "CBM 087"]
[Source "ChessBase"]
[SourceDate "2002.03.21"]
[SourceVersion "1"]
[SourceVersionDate "2002.03.21"]
[SourceQuality "1"]

1. d4 d5 2. c4 c6 3. Nf3 Nf6 4. e3 Bf5 5. Nc3 e6 6. Nh4 Bg6 7. Qb3 Qb6 8. Nxg6
hxg6 9. Bd2 Nbd7 10. Bd3 Be7 11. Qc2 dxc4 $6 (11... O-O {ist solider.}) 12.
Bxc4 O-O 13. O-O c5 14. d5 Ne5 15. b3 Nxc4 16. bxc4 exd5 $6 {Die Aufgabe des
Zentrums gefällt mir nicht.} (16... Qa6 {ist besser. Nach} 17. Qb3 exd5 18.
cxd5 c4 {gewinnt Schwarz im Vergleich zur Partiefortsetzung wertvolle Zeit.})
17. cxd5 Qd6 18. e4 Ng4 19. f4 c4 20. h3 $6 (20. Kh1 Qc5 21. Nd1 {verhindert,
daß der Springer des Schwarzen nach d3 eindringt; nach} f5 22. Rb1 {zerfällt
die Stellung des Schwarzen.}) 20... Qc5+ 21. Kh1 Nf2+ 22. Kh2 Nd3 23. Rab1 Rab8
24. Rf3 (24. Na4 {ist nicht besser:} Qd4 25. Bc3 Qe3 (25... Qxe4 26. Rbe1 Qxd5
27. Rxe7 {sieht hoffnungslos für Schwarz aus:} b5 28. Nb2 b4 29. Be5 {usw.})
26. Nb2 b5 27. Rf3 Qxe4 28. Nxd3 cxd3 29. Qxd3 Qxd3 30. Rxd3 Bd6 31. Be5 Rfd8 {
mit gutem Spiel für Schwarz.}) ({Der Fortsezung} 24. Rb5 Qd4 25. Rf3 a6 26. Rb1
(26. Be3 $2 Ne1) 26... b5 27. Be3 Qf6 28. e5 Qf5 {wohnt auch keine Klarheit
inne.}) 24... b5 $2 (24... g5 $13 {verspricht Gegenspiel, zum Beispiel} 25. Be3
({Nach} 25. Na4 Qd4 26. Nb2 f5 {hat Schwarz auch mehr Spiel als er verdient.})
25... Qa5 26. fxg5 b5 27. g6 Bf6 {usw.}) 25. Be3 $18 Qa3 26. Nxb5 Rxb5 27. Rxb5
Ne1 28. Qe2 Nxf3+ 29. Qxf3 g5 $6 ({Mit} 29... a6 30. Rb7 Bc5 31. Bxc5 Qxc5 {
konnte Schwarz zäheren Widerstand leisten.}) 30. e5 gxf4 31. Qxf4 Qxa2 32. Rb7
Ba3 33. e6 fxe6 34. Rxg7+ {Einfacher ist} (34. Qe5 Rf6 35. Rb8+ Bf8 (35... Rf8
36. Bd4) 36. dxe6 Rg6 37. Qd5 $18) 34... Kxg7 35. Qh6+ Kf7 36. Qxe6+ Kg7 37.
Bd4+ Kh7 38. Qd7+ Kg6 39. Qg4+ Kh6 40. Be3+ Kh7 41. Qh5+ Kg7 42. Bd4+ Rf6 43.
Qg5+ 1-0

[Event "RUS-Cup02"]
[Site "Moscow"]
[Date "1998.??.??"]
[Round "8"]
[White "Dragomarezkij, Evgeni"]
[Black "Morozevich, Alexander"]
[Result "0-1"]
[WhiteElo "2490"]
[BlackElo "2590"]
[Annotator "Huebner,R"]
[PlyCount "78"]
[EventDate "1998.01.21"]
[EventType "swiss"]
[EventRounds "9"]
[EventCountry "RUS"]
[SourceTitle "CBM 063"]
[Source "ChessBase"]
[SourceDate "1998.03.26"]
[SourceVersion "1"]
[SourceVersionDate "1998.03.26"]
[SourceQuality "1"]

1. d4 d5 2. Nf3 Nf6 3. c4 c6 4. e3 Bf5 5. cxd5 cxd5 6. Qb3 Qc7 7. Nc3 e6 8. Nh4
Be4 9. Bd2 (9. f3 Bg6 10. Nxg6 hxg6 11. f4 Nc6 12. Bd2 a6 13. Be2 $11 {0-1
Matlak,M-Sorokin,M/Moscow-B 1988 (35)}) 9... Nc6 10. Rc1 Be7 11. Nxe4 {Die
Spielführung des Weißen gefällt mir nicht. Der in der oben zitierten Partie
gewählte Plan ist besser.} dxe4 12. g3 O-O 13. Ng2 Rfd8 14. Nf4 Qb6 15. Bc4 (
15. Qxb6 axb6 16. a3 e5 17. dxe5 Nxe5 18. Be2 g5 {mit Vorteil für Schwarz.})
15... Bd6 (15... Qxb3 16. Bxb3 e5 17. dxe5 Nxe5 18. Ke2 {ist nicht günstig für
Schwarz.}) 16. Bc3 $2 (16. Qxb6 axb6 17. Ke2 {führte zu befriedigendem Spiel.})
16... Qc7 17. Ne2 a6 18. Qc2 Na5 19. Bxa5 Qxa5+ 20. Kf1 Rac8 21. Qd1 Qf5 22. h3
h5 23. Kg1 h4 24. gxh4 Qg6+ 25. Kf1 Qh5 26. Bb3 Qxh4 27. Rxc8 Rxc8 28. Qd2 $2 (
28. Kg2 {mußte gespielt werden.}) 28... Ng4 29. Nc3 (29. Qe1 Bb4 30. Nc3 Bxc3
31. bxc3 Rxc3 32. Kg2 Rc1 $19) 29... Nh2+ $19 30. Rxh2 Bxh2 31. Kg2 Bd6 32. Qd1
Bb4 33. Ne2 Qh5 34. Ng3 Qxd1 35. Bxd1 Rc1 36. Bb3 Rb1 37. d5 exd5 38. Bxd5 Rxb2
39. Nxe4 Be7 0-1